[Event "Titled Tuesday 2024.12.17 Late"]
[Site "chess.com INT"]
[Date "2024.12.17"]
[Round "8"]
[White "Hansen, Eric"]
[Black "Barria Zuniga, D."]
[Result "1-0"]
[WhiteElo "2609"]
[BlackElo "2341"]
[PlyCount "47"]
[GameId "2129405226726664"]
[EventDate "2024.12.17"]
[EventType "swiss (blitz)"]
[EventRounds "11"]
[EventCountry "NET"]
[SourceTitle "The Week in Chess 1572"]
[Source "Mark Crowther"]
[SourceDate "2024.12.23"]
[SourceVersion "2"]
[SourceVersionDate "2024.12.24"]
[SourceQuality "2"]

1. e4 c5 2. Nf3 e6 3. d4 cxd4 4. Nxd4 a6 5. c4 Nf6 6. Nc3 Bb4 7. Qd3 d6 8. Nc2 Bxc3+ 9. Qxc3 Nxe4 10. Qxg7 Qf6 11. Qxf6 Nxf6 12. Bf4 e5 13. Bg5 Nbd7 14. f3 h6 15. Bh4 b5 16. O-O-O bxc4 17. Rxd6 Ke7 18. Rc6 Bb7 19. Bxf6+ Nxf6 20. Rc7+ Kd6 21. Rxb7 Nd5 22. Bxc4 Rhb8 23. Rxb8 Rxb8 24. Rd1 1-0

[Event "Titled Tuesday 2024.12.17 Late"]
[Site "chess.com INT"]
[Date "2024.12.17"]
[Round "9"]
[White "Fishbein, A."]
[Black "Hansen, Eric"]
[Result "1/2-1/2"]
[WhiteElo "2391"]
[BlackElo "2609"]
[PlyCount "102"]
[GameId "2129405226726932"]
[EventDate "2024.12.17"]
[EventType "swiss (blitz)"]
[EventRounds "11"]
[EventCountry "NET"]
[SourceTitle "The Week in Chess 1572"]
[Source "Mark Crowther"]
[SourceDate "2024.12.23"]
[SourceVersion "2"]
[SourceVersionDate "2024.12.24"]
[SourceQuality "2"]

1. e4 c5 2. Nf3 e6 3. d4 cxd4 4. Nxd4 a6 5. Nc3 Qc7 6. g3 Nf6 7. Bg2 d6 8. O-O Be7 9. a4 Bd7 10. Nb3 Nc6 11. f4 O-O 12. Be3 b6 13. g4 g6 14. Qe2 Na5 15. g5 Nh5 16. Nd4 Nc4 17. Kh1 Nxe3 18. Qxe3 Qc5 19. Qd2 Rac8 20. Rad1 b5 21. axb5 axb5 22. f5 b4 23. Nce2 e5 24. f6 Bd8 25. Nf3 Qxc2 26. Ng3 Nxg3+ 27. hxg3 Bb5 28. Rf2 Qxd2 29. Rfxd2 Bc7 30. Bh3 Rcd8 31. Rc1 Bb6 32. Rd5 Be2 33. Kg2 Be3 34. Rc6 Bxf3+ 35. Kxf3 Bxg5 36. Rdxd6 Rxd6 37. Rxd6 b3 38. Bf1 Bc1 39. Bc4 Bxb2 40. Bxb3 h5 41. g4 h4 42. g5 Bc1 43. Kg4 h3 44. Kxh3 Bxg5 45. Kg4 Be3 46. Rd7 Bc1 47. Re7 Bf4 48. Rd7 Be3 49. Re7 Bf4 50. Rd7 Be3 51. Re7 Bf4 1/2-1/2

[Event "Titled Tuesday 2024.12.17 Late"]
[Site "chess.com INT"]
[Date "2024.12.17"]
[Round "10"]
[White "Hansen, Eric"]
[Black "Maltsevskaya, Aleksandra"]
[Result "0-1"]
[WhiteElo "2609"]
[BlackElo "2368"]
[PlyCount "82"]
[GameId "2129405226727094"]
[EventDate "2024.12.17"]
[EventType "swiss (blitz)"]
[EventRounds "11"]
[EventCountry "NET"]
[SourceTitle "The Week in Chess 1572"]
[Source "Mark Crowther"]
[SourceDate "2024.12.23"]
[SourceVersion "2"]
[SourceVersionDate "2024.12.24"]
[SourceQuality "2"]

1. e4 c5 2. Nf3 e6 3. d4 cxd4 4. Nxd4 Nc6 5. Nc3 a6 6. a3 d6 7. g4 Be7 8. g5 h6 9. gxh6 gxh6 10. Rg1 Nf6 11. Nxc6 bxc6 12. Qf3 e5 13. Bc4 Qb6 14. Rg7 d5 15. exd5 Qd4 16. d6 Qxc4 17. dxe7 Kxe7 18. b3 Qd4 19. h3 Bf5 20. Bb2 Bxc2 21. Na4 Qe4+ 22. Qxe4 Bxe4 23. Rg3 Bd5 24. Bxe5 Rhe8 25. Re3 Be6 26. Nb6 Rad8 27. Rc1 Nd5 28. Nxd5+ Rxd5 29. Rxc6 Red8 30. Ke2 Rd2+ 31. Kf3 Kf8 32. Bf4 Bd5+ 33. Kg3 Bxc6 34. Bxh6+ Kg8 35. Kh4 R2d4+ 36. f4 R4d6 37. Bg5 f6 38. Bh6 Kf7 39. f5 Rh8 40. Kh5 Rd5 41. Rf3 Re5 0-1

[Event "Titled Tuesday 2024.12.17 Late"]
[Site "chess.com INT"]
[Date "2024.12.17"]
[Round "11"]
[White "Thavandiran, Shiyam"]
[Black "Hansen, Eric"]
[Result "1/2-1/2"]
[WhiteElo "2410"]
[BlackElo "2609"]
[PlyCount "122"]
[GameId "2129405226727253"]
[EventDate "2024.12.17"]
[EventType "swiss (blitz)"]
[EventRounds "11"]
[EventCountry "NET"]
[SourceTitle "The Week in Chess 1572"]
[Source "Mark Crowther"]
[SourceDate "2024.12.23"]
[SourceVersion "2"]
[SourceVersionDate "2024.12.24"]
[SourceQuality "2"]

1. e4 c5 2. Nf3 d6 3. d4 cxd4 4. Nxd4 Nf6 5. Nc3 a6 6. h3 e5 7. Nf3 Qc7 8. g4 h6 9. g5 hxg5 10. Bxg5 Nbd7 11. Qd2 b5 12. O-O-O Bb7 13. Bxf6 Nxf6 14. Bd3 g6 15. Qe2 Qc5 16. Kb1 Be7 17. h4 Bc6 18. Ng5 b4 19. Nd5 Bxd5 20. exd5 Nh5 21. Bxa6 Kf8 22. Bc4 Nf4 23. Qe4 Qxf2 24. Rdf1 Qc5 25. Bb3 Bxg5 26. hxg5 Kg7 27. Qe1 Rxh1 28. Rxh1 Rh8 29. Rxh8 Kxh8 30. c3 bxc3 31. Qxc3 Qg1+ 32. Qc1 Qg3 33. Qc8+ Kg7 34. Qc2 Nd3 35. a4 Qe1+ 36. Qd1 Qe3 37. Bc2 Nb4 38. Bb3 Qe4+ 39. Ka1 Qe3 40. Kb1 e4 41. a5 Qc5 42. a6 Qa5 43. Qd4+ Kg8 44. Qxe4 Qb6 45. Qe8+ Kg7 46. Qe1 Kg8 47. Qc3 Qg1+ 48. Qc1 Qb6 49. Bc4 Nxa6 50. Bxa6 Qxa6 51. Qc6 Qd3+ 52. Ka2 Qd4 53. Qxd6 Qa4+ 54. Kb1 Qd1+ 55. Ka2 Qa4+ 56. Qa3 Qc4+ 57. Qb3 Qa6+ 58. Kb1 Qf1+ 59. Ka2 Qa6+ 60. Qa3 Qc4+ 61. Qb3 Qa6+ 1/2-1/2

[Event "Titled Tuesday 2024.12.24 Late"]
[Site "chess.com INT"]
[Date "2024.12.24"]
[Round "1"]
[White "Nanugonda, Vishva"]
[Black "Hansen, Eric"]
[Result "1/2-1/2"]
[WhiteElo "2147"]
[BlackElo "2609"]
[PlyCount "168"]
[GameId "2129405226988875"]
[EventDate "2024.12.24"]
[EventType "swiss (blitz)"]
[EventRounds "11"]
[EventCountry "NET"]
[SourceTitle "The Week in Chess 1573"]
[Source "Mark Crowther"]
[SourceDate "2024.12.30"]
[SourceVersion "1"]
[SourceVersionDate "2024.12.30"]
[SourceQuality "2"]

1. d4 Nf6 2. c4 e6 3. Nc3 Bb4 4. Qc2 O-O 5. a3 Bxc3+ 6. Qxc3 d6 7. Bg5 h6 8. Bxf6 Qxf6 9. Nf3 Re8 10. e3 e5 11. Be2 Nc6 12. dxe5 dxe5 13. O-O Qg6 14. Kh1 e4 15. Nd4 Ne5 16. Nb5 Qc6 17. Rad1 a6 18. Nd4 Qg6 19. c5 Bg4 20. h3 Bxe2 21. Nxe2 Nd3 22. Nf4 Nxf4 23. exf4 Qf5 24. Qe3 Rad8 25. g4 Qe6 26. b4 f5 27. f3 Qc6 28. Rxd8 Rxd8 29. fxe4 fxe4 30. Re1 Re8 31. Rd1 a5 32. Kg2 axb4 33. axb4 Qa4 34. Rd4 Qa2+ 35. Kg3 Qb1 36. Rd2 Qxb4 37. Rd7 b6 38. Rxc7 bxc5 39. Qxc5 Qxc5 40. Rxc5 e3 41. Rc1 e2 42. Re1 Re3+ 43. Kf2 Rxh3 44. Rxe2 Kf7 45. Kg2 Rc3 46. Rf2 Kf6 47. Rf3 Rc2+ 48. Kg3 Rc4 49. Ra3 Rc6 50. Re3 Rb6 51. Rd3 Ke6 52. Re3+ Kd5 53. Rd3+ Ke4 54. Ra3 Rb4 55. Rc3 Rd4 56. Ra3 Rd3+ 57. Rxd3 Kxd3 58. Kf3 Kd4 59. g5 hxg5 60. fxg5 Ke5 61. Kg4 g6 62. Kg3 Kf5 63. Kf3 Ke5 64. Ke3 Kf5 65. Kf3 Kxg5 66. Kg3 Kf6 67. Kf4 g5+ 68. Kg4 Kg6 69. Kg3 Kf5 70. Kf3 g4+ 71. Kg3 Kg5 72. Kg2 Kf4 73. Kf2 Ke4 74. Kg3 Kf5 75. Kg2 Kf4 76. Kf2 g3+ 77. Kg2 Kg4 78. Kg1 Kh5 79. Kg2 Kh4 80. Kg1 Kg4 81. Kg2 Kf4 82. Kg1 Kf3 83. Kf1 g2+ 84. Kg1 Kg3 1/2-1/2

[Event "Titled Tuesday 2024.12.24 Late"]
[Site "chess.com INT"]
[Date "2024.12.24"]
[Round "2"]
[White "Hansen, Eric"]
[Black "Liu, Casper"]
[Result "1-0"]
[WhiteElo "2609"]
[BlackElo "2244"]
[PlyCount "73"]
[GameId "2129405226989034"]
[EventDate "2024.12.24"]
[EventType "swiss (blitz)"]
[EventRounds "11"]
[EventCountry "NET"]
[SourceTitle "The Week in Chess 1573"]
[Source "Mark Crowther"]
[SourceDate "2024.12.30"]
[SourceVersion "1"]
[SourceVersionDate "2024.12.30"]
[SourceQuality "2"]

1. e4 e5 2. Nf3 Nc6 3. Bb5 Nf6 4. d3 Bc5 5. c3 O-O 6. O-O d5 7. exd5 Qxd5 8. Bc4 Qd8 9. Qe2 Bg4 10. Nbd2 a5 11. h3 Bh5 12. Ne4 Ba7 13. Bg5 Re8 14. a4 Nb8 15. g4 Bg6 16. Nh4 Nbd7 17. Nxg6 hxg6 18. Qf3 c6 19. Rae1 Bb8 20. h4 Qc7 21. h5 gxh5 22. gxh5 b5 23. axb5 cxb5 24. Bxb5 Re6 25. Bc4 Nxe4 26. Rxe4 Rf6 27. Bxf6 Nxf6 28. Rh4 e4 29. Qf5 a4 30. Re1 Ra5 31. Qh3 Rg5+ 32. Kf1 Ba7 33. Rhxe4 Nxe4 34. Rxe4 Qb6 35. Qf3 Kh7 36. Re2 a3 37. bxa3 1-0

[Event "Titled Tuesday 2024.12.24 Late"]
[Site "chess.com INT"]
[Date "2024.12.24"]
[Round "3"]
[White "Kavyev, Ruslan"]
[Black "Hansen, Eric"]
[Result "0-1"]
[WhiteElo "2279"]
[BlackElo "2609"]
[PlyCount "74"]
[GameId "2129405226989199"]
[EventDate "2024.12.24"]
[EventType "swiss (blitz)"]
[EventRounds "11"]
[EventCountry "NET"]
[SourceTitle "The Week in Chess 1573"]
[Source "Mark Crowther"]
[SourceDate "2024.12.30"]
[SourceVersion "1"]
[SourceVersionDate "2024.12.30"]
[SourceQuality "2"]

1. e4 c5 2. Nf3 d6 3. d4 cxd4 4. Nxd4 Nf6 5. Nc3 a6 6. a3 Bd7 7. Bc4 Nc6 8. O-O Rc8 9. Ba2 e6 10. Be3 Be7 11. f4 O-O 12. f5 Nxd4 13. Qxd4 Qc7 14. fxe6 Bxe6 15. Bb3 Rfe8 16. Rad1 b5 17. Kh1 Qc6 18. Nd5 Bxd5 19. exd5 Qc7 20. c3 Nd7 21. Bc2 g6 22. Bh6 Bf8 23. Bf4 Bg7 24. Qf2 Ne5 25. h3 Qc5 26. Be3 Qc7 27. Bd4 Nc4 28. Bxg7 Kxg7 29. Bd3 Ne3 30. Qf6+ Kg8 31. h4 Re5 32. Rde1 Nxf1 33. Rxf1 Rce8 34. g4 Rxd5 35. h5 Rxd3 36. h6 Rh3+ 37. Kg2 Rxh6 0-1

[Event "Titled Tuesday 2024.12.24 Late"]
[Site "chess.com INT"]
[Date "2024.12.24"]
[Round "4"]
[White "Hansen, Eric"]
[Black "Goryachkina, A."]
[Result "1-0"]
[WhiteElo "2609"]
[BlackElo "2546"]
[PlyCount "93"]
[GameId "2129405226989520"]
[EventDate "2024.12.24"]
[EventType "swiss (blitz)"]
[EventRounds "11"]
[EventCountry "NET"]
[SourceTitle "The Week in Chess 1573"]
[Source "Mark Crowther"]
[SourceDate "2024.12.30"]
[SourceVersion "1"]
[SourceVersionDate "2024.12.30"]
[SourceQuality "2"]

1. e4 c6 2. d4 d5 3. e5 c5 4. dxc5 e6 5. a3 Bxc5 6. Nf3 Ne7 7. Bd3 Nbc6 8. b4 Bb6 9. Bb2 Ng6 10. O-O Nf4 11. g3 Nxd3 12. Qxd3 O-O 13. Nbd2 Bd7 14. c4 dxc4 15. Nxc4 Ne7 16. Nxb6 axb6 17. b5 Ra4 18. Qb3 Qa8 19. Rfd1 Nd5 20. Rd4 Rxd4 21. Nxd4 Rc8 22. a4 Qa5 23. Rd1 h6 24. Kg2 Be8 25. Nf5 exf5 26. Rxd5 Qe1 27. Qd1 Qe4+ 28. Kg1 Qb4 29. Bd4 Qa3 30. Be3 Kh7 31. Qd3 Qxd3 32. Rxd3 Ra8 33. Rd4 g5 34. f4 gxf4 35. Bxf4 Rc8 36. Kf2 Rc2+ 37. Ke3 Rc3+ 38. Kd2 Rc8 39. Rd6 Ra8 40. Rxh6+ Kg8 41. Rd6 Kf8 42. Rxb6 Rxa4 43. Rxb7 Ra2+ 44. Kc3 Rxh2 45. b6 Rh1 46. Rb8 Rb1 47. Bg5 1-0

[Event "Titled Tuesday 2024.12.24 Late"]
[Site "chess.com INT"]
[Date "2024.12.24"]
[Round "5"]
[White "Potapova, Margarita"]
[Black "Hansen, Eric"]
[Result "0-1"]
[WhiteElo "2199"]
[BlackElo "2609"]
[PlyCount "142"]
[GameId "2129405226989748"]
[EventDate "2024.12.24"]
[EventType "swiss (blitz)"]
[EventRounds "11"]
[EventCountry "NET"]
[SourceTitle "The Week in Chess 1573"]
[Source "Mark Crowther"]
[SourceDate "2024.12.30"]
[SourceVersion "1"]
[SourceVersionDate "2024.12.30"]
[SourceQuality "2"]

1. d4 Nf6 2. c4 g6 3. Nc3 d5 4. cxd5 Nxd5 5. Na4 e5 6. dxe5 Bb4+ 7. Bd2 Qe7 8. Nf3 Nc6 9. a3 Bxd2+ 10. Qxd2 Nb6 11. Nxb6 axb6 12. Qc3 O-O 13. e3 Bg4 14. Be2 Rfe8 15. h3 Bxf3 16. Bxf3 Ra5 17. b4 Rxe5 18. O-O Nd8 19. Rac1 c6 20. Rfd1 b5 21. Rd2 Qc7 22. Rcd1 R5e7 23. Qf6 Ne6 24. h4 Ng7 25. h5 Re6 26. Qh4 Nf5 27. Qg5 Qe7 28. Qxe7 R6xe7 29. hxg6 hxg6 30. Rd3 Kf8 31. g3 Kg7 32. Kg2 Ra8 33. Rh1 Nh6 34. g4 Ng8 35. Kg3 Nf6 36. Bg2 g5 37. Rhd1 Kg6 38. Rc3 Re6 39. Rd4 Re7 40. Rd6 Kg7 41. Rcd3 Ne8 42. Rd8 Rxd8 43. Rxd8 Nf6 44. Rd4 Nd7 45. Rd6 Ne5 46. Bf1 Re8 47. f4 Ng6 48. Kf3 Ra8 49. Rd3 Kf6 50. Rd6+ Ke7 51. Rd3 Rh8 52. Bg2 gxf4 53. exf4 Rh2 54. Kg3 Rxg2+ 55. Kf3 Ra2 56. Re3+ Kf8 57. Ke4 Ne7 58. Rd3 Nd5 59. f5 Rf2 60. Ke5 Ke7 61. g5 f6+ 62. gxf6+ Nxf6 63. Rh3 Nd7+ 64. Kd4 Rxf5 65. Rh7+ Kd6 66. Rh6+ Rf6 67. Rh8 Rf4+ 68. Ke3 Rg4 69. Kf3 Rc4 70. Rh6+ Kc7 71. Ke2 Rc3 0-1

[Event "Titled Tuesday 2024.12.24 Late"]
[Site "chess.com INT"]
[Date "2024.12.24"]
[Round "6"]
[White "Hansen, Eric"]
[Black "So, W."]
[Result "1/2-1/2"]
[WhiteElo "2609"]
[BlackElo "2747"]
[PlyCount "100"]
[GameId "2129405226989892"]
[EventDate "2024.12.24"]
[EventType "swiss (blitz)"]
[EventRounds "11"]
[EventCountry "NET"]
[SourceTitle "The Week in Chess 1573"]
[Source "Mark Crowther"]
[SourceDate "2024.12.30"]
[SourceVersion "1"]
[SourceVersionDate "2024.12.30"]
[SourceQuality "2"]

1. e4 e5 2. Nf3 Nc6 3. Bb5 Nf6 4. d3 d6 5. c3 Be7 6. O-O O-O 7. Re1 a6 8. Ba4 b5 9. Bc2 d5 10. Nbd2 dxe4 11. dxe4 h6 12. a4 Be6 13. b4 Nd7 14. Qe2 Na7 15. Bb3 Bxb3 16. Nxb3 c6 17. Rd1 Qc7 18. Be3 Nc8 19. c4 Nd6 20. Nfd2 bxc4 21. Nxc4 Nxe4 22. Bxh6 Ndf6 23. Bd2 Rab8 24. Nc5 Nxc5 25. bxc5 Bxc5 26. Be3 Bxe3 27. Qxe3 Rfe8 28. h3 Re6 29. Rac1 e4 30. Qc5 Qf4 31. Ne3 Rb2 32. Rc2 Rxc2 33. Qxc2 Qe5 34. Qc4 Qa5 35. g3 Kh7 36. Kg2 Qh5 37. Rd2 Qf3+ 38. Kh2 Nd5 39. Nxd5 cxd5 40. Qxd5 g6 41. h4 Rf6 42. Qd4 Re6 43. Qa7 e3 44. fxe3 Rxe3 45. Rg2 Re2 46. Rxe2 Qxe2+ 47. Kh3 Qf1+ 48. Kh2 Qe2+ 49. Kh3 Qf3 50. Kh2 Qe2+ 1/2-1/2

[Event "Titled Tuesday 2024.12.24 Late"]
[Site "chess.com INT"]
[Date "2024.12.24"]
[Round "7"]
[White "Hansen, Eric"]
[Black "Matyunin, Maxim"]
[Result "1-0"]
[WhiteElo "2609"]
[BlackElo "2099"]
[PlyCount "57"]
[GameId "2129405226989972"]
[EventDate "2024.12.24"]
[EventType "swiss (blitz)"]
[EventRounds "11"]
[EventCountry "NET"]
[SourceTitle "The Week in Chess 1573"]
[Source "Mark Crowther"]
[SourceDate "2024.12.30"]
[SourceVersion "1"]
[SourceVersionDate "2024.12.30"]
[SourceQuality "2"]

1. e4 e6 2. d4 d5 3. Nc3 Bb4 4. e5 Ne7 5. a3 Bxc3+ 6. bxc3 c5 7. h4 Qc7 8. h5 h6 9. Nf3 b6 10. Bb5+ Nec6 11. Rh3 Ba6 12. a4 Bxb5 13. axb5 Ne7 14. Nh4 Nd7 15. Rg3 Kf8 16. Qg4 Rg8 17. Rf3 cxd4 18. cxd4 Nxe5 19. dxe5 Qxe5+ 20. Kd2 Qxa1 21. Ng6+ Ke8 22. Nxe7 Kxe7 23. Ba3+ Ke8 24. Qb4 Kd8 25. Qe7+ Kc8 26. Rc3+ Qxc3+ 27. Kxc3 Rd8 28. Bd6 Rd7 29. Qe8+ 1-0

[Event "Titled Tuesday 2024.12.24 Late"]
[Site "chess.com INT"]
[Date "2024.12.24"]
[Round "8"]
[White "Xiao, Tong(QD)"]
[Black "Hansen, Eric"]
[Result "1-0"]
[WhiteElo "2502"]
[BlackElo "2609"]
[PlyCount "59"]
[GameId "2129405226990184"]
[EventDate "2024.12.24"]
[EventType "swiss (blitz)"]
[EventRounds "11"]
[EventCountry "NET"]
[SourceTitle "The Week in Chess 1573"]
[Source "Mark Crowther"]
[SourceDate "2024.12.30"]
[SourceVersion "1"]
[SourceVersionDate "2024.12.30"]
[SourceQuality "2"]

1. c4 e5 2. Nc3 Nc6 3. Nf3 Nf6 4. g3 Bb4 5. Nd5 Bd6 6. Bg2 O-O 7. O-O Re8 8. Nh4 h6 9. b3 Bf8 10. Bb2 Nxd5 11. cxd5 Nb8 12. f4 d6 13. fxe5 dxe5 14. e3 Nd7 15. Nf5 Nf6 16. Qf3 Bxf5 17. Qxf5 Bd6 18. g4 Qd7 19. Qxd7 Nxd7 20. Rac1 a5 21. a3 Ra6 22. Rc3 Rb6 23. Rfc1 e4 24. Ba1 Bxa3 25. R1c2 Bd6 26. Ra2 Rb5 27. Rc4 Rxd5 28. Bxe4 Rg5 29. Bxb7 Nb6 30. h4 1-0

[Event "Titled Tuesday 2024.12.24 Late"]
[Site "chess.com INT"]
[Date "2024.12.24"]
[Round "9"]
[White "Hansen, Eric"]
[Black "Daggupati, Balaji"]
[Result "1/2-1/2"]
[WhiteElo "2609"]
[BlackElo "2465"]
[PlyCount "238"]
[GameId "2129405226990414"]
[EventDate "2024.12.24"]
[EventType "swiss (blitz)"]
[EventRounds "11"]
[EventCountry "NET"]
[SourceTitle "The Week in Chess 1573"]
[Source "Mark Crowther"]
[SourceDate "2024.12.30"]
[SourceVersion "1"]
[SourceVersionDate "2024.12.30"]
[SourceQuality "2"]

1. e4 c5 2. Nf3 e6 3. d4 cxd4 4. Nxd4 Nf6 5. Nc3 Nc6 6. a3 d6 7. Be2 Be7 8. O-O O-O 9. Be3 e5 10. Nxc6 bxc6 11. f4 exf4 12. Rxf4 Nd7 13. Rf1 Ne5 14. Kh1 Be6 15. Qd2 Nc4 16. Bxc4 Bxc4 17. Rf3 Bf6 18. Bd4 Bxd4 19. Qxd4 Be6 20. b3 Qg5 21. Qxd6 Rfd8 22. Qg3 Qxg3 23. Rxg3 Rd2 24. Rc1 Rad8 25. Kg1 h5 26. h3 f5 27. Rg6 Bf7 28. Rxc6 fxe4 29. Rc5 e3 30. Re5 Rf2 31. Ne4 Re2 32. Ng3 Rf2 33. Ne4 Re2 34. Ng3 Rf2 35. Rxe3 Rdd2 36. Ne4 Rxg2+ 37. Kf1 Rxc2 38. Rxc2 Rxc2 39. Ng5 g6 40. b4 Bc4+ 41. Ke1 Kg7 42. h4 Rh2 43. Re4 Bb5 44. Rd4 Kf6 45. Rd6+ Kf5 46. Rd5+ Kf6 47. Rxb5 Rxh4 48. Ke2 Rg4 49. Nf3 h4 50. Ra5 h3 51. Rxa7 Rh4 52. Ra6+ Kf7 53. Nh2 Re4+ 54. Kf3 Rc4 55. Kg3 Rc3+ 56. Kg4 Kg7 57. b5 Rb3 58. a4 Kh6 59. Ra7 g5 60. Ra6+ Kg7 61. b6 Rb4+ 62. Kxg5 Kf7 63. a5 Ke7 64. Ra7+ Kd6 65. Rh7 Rb5+ 66. Kf6 Rxa5 67. Rxh3 Rb5 68. Rd3+ Kc6 69. Nf3 Kxb6 70. Nd4 Rb1 71. Ke5 Rh1 72. Rb3+ Kc5 73. Rc3+ Kb4 74. Rc2 Rh5+ 75. Kd6 Rh6+ 76. Kd5 Rh5+ 77. Kc6 Rh6+ 78. Kb7 Rh7+ 79. Kb6 Rh6+ 80. Nc6+ Kb3 81. Rc1 Rh5 82. Nd4+ Kb2 83. Rc4 Rg5 84. Ka6 Rg8 85. Ka5 Ra8+ 86. Kb4 Rb8+ 87. Nb5 Kb1 88. Rc3 Kb2 89. Rh3 Rg8 90. Rh2+ Kc1 91. Kb3 Rb8 92. Kc4 Rc8+ 93. Kd3 Rd8+ 94. Nd4 Kb1 95. Kc3 Rc8+ 96. Kd3 Rc7 97. Re2 Rc8 98. Nb5 Rd8+ 99. Kc3 Rc8+ 100. Kb3 Kc1 101. Re5 Kd2 102. Rd5+ Ke2 103. Nc3+ Kf3 104. Kc2 Rb8 105. Kd3 Re8 106. Rf5+ Kg4 107. Rf7 Ra8 108. Nd5 Ra3+ 109. Ke4 Ra4+ 110. Ke5 Kg3 111. Ne3 Ra5+ 112. Ke4 Ra4+ 113. Kd3 Ra3+ 114. Kd2 Ra2+ 115. Nc2 Kg4 116. Rf1 Ra8 117. Kd3 Kg5 118. Ke4 Ra4+ 119. Nd4 Ra5 1/2-1/2

[Event "Titled Tuesday 2024.12.24 Late"]
[Site "chess.com INT"]
[Date "2024.12.24"]
[Round "10"]
[White "Krysa, L."]
[Black "Hansen, Eric"]
[Result "1-0"]
[WhiteElo "2497"]
[BlackElo "2609"]
[PlyCount "125"]
[GameId "2129405226990534"]
[EventDate "2024.12.24"]
[EventType "swiss (blitz)"]
[EventRounds "11"]
[EventCountry "NET"]
[SourceTitle "The Week in Chess 1573"]
[Source "Mark Crowther"]
[SourceDate "2024.12.30"]
[SourceVersion "1"]
[SourceVersionDate "2024.12.30"]
[SourceQuality "2"]

1. e4 c5 2. Nf3 e6 3. d4 cxd4 4. Nxd4 a6 5. Be2 Qc7 6. O-O Nf6 7. Nc3 d6 8. Be3 Be7 9. f4 b5 10. a3 Bb7 11. Bf3 Nbd7 12. g4 Nc5 13. e5 dxe5 14. fxe5 Qxe5 15. Qe1 Bxf3 16. Nxf3 Qc7 17. g5 Nfd7 18. Qh4 O-O 19. Rae1 Bd6 20. Bd4 e5 21. Nd5 Qd8 22. Nxe5 Nxe5 23. Bxe5 Bxe5 24. Rxe5 Ne6 25. Qg3 Rc8 26. c3 Qd6 27. Rd1 Kh8 28. Ne3 Qb8 29. Red5 Qxg3+ 30. hxg3 Rfe8 31. Nf5 Rc7 32. Nd6 Rf8 33. Kg2 Kg8 34. Kf3 Rb8 35. Kg4 Kf8 36. Nf5 Kg8 37. Rd7 Rbc8 38. Rxc7 Rxc7 39. Rd6 a5 40. Rb6 Rc4+ 41. Kf3 Nxg5+ 42. Ke3 Re4+ 43. Kd3 Re8 44. Rxb5 h6 45. Rxa5 Ne4 46. Rd5 g6 47. Nd6 Nf2+ 48. Kc4 Re2 49. b4 Nh1 50. b5 Rb2 51. a4 Nxg3 52. a5 Nf1 53. Kc5 Ne3 54. c4 Nxd5 55. cxd5 h5 56. a6 h4 57. a7 Ra2 58. b6 h3 59. b7 h2 60. b8=Q+ Kg7 61. Ne8+ Kh7 62. a8=Q Rxa8 63. Qxh2+ 1-0

[Event "Titled Tuesday 2024.12.24 Late"]
[Site "chess.com INT"]
[Date "2024.12.24"]
[Round "11"]
[White "Hansen, Eric"]
[Black "Cahaya, Satria Duta"]
[Result "1-0"]
[WhiteElo "2609"]
[BlackElo "2332"]
[PlyCount "139"]
[GameId "2129405226990655"]
[EventDate "2024.12.24"]
[EventType "swiss (blitz)"]
[EventRounds "11"]
[EventCountry "NET"]
[SourceTitle "The Week in Chess 1573"]
[Source "Mark Crowther"]
[SourceDate "2024.12.30"]
[SourceVersion "1"]
[SourceVersionDate "2024.12.30"]
[SourceQuality "2"]

1. e4 c5 2. Nf3 g6 3. Bc4 Bg7 4. O-O e6 5. Re1 Ne7 6. Nc3 O-O 7. a3 Nbc6 8. d3 d5 9. Ba2 b6 10. Bg5 h6 11. Bd2 Bb7 12. Rb1 Rc8 13. h3 Kh7 14. exd5 exd5 15. b4 cxb4 16. axb4 Nxb4 17. Rxb4 Rxc3 18. Ra4 Nc6 19. Bxc3 Bxc3 20. Re3 b5 21. Ra3 b4 22. Rxc3 bxc3 23. d4 Qa5 24. Bb3 Ba6 25. h4 Bc4 26. Bxc4 dxc4 27. Ne5 Nxe5 28. dxe5 Qd8 29. Qg4 Qd2 30. Qe4 a5 31. h5 Qd1+ 32. Kh2 Qxh5+ 33. Rh3 Qf5 34. Qxf5 gxf5 35. Rxc3 Rc8 36. Kg3 a4 37. Kf4 Ra8 38. Ra3 Kg6 39. Ke3 f6 40. e6 Ra6 41. Kf3 Kg7 42. Kf4 Ra5 43. Ke3 h5 44. Kd4 f4 45. Kxc4 f3 46. gxf3 h4 47. Kb4 Ra8 48. f4 Kf8 49. f5 Ke7 50. c4 h3 51. Rxh3 Rb8+ 52. Kxa4 Rb1 53. Rf3 Rc1 54. Kb4 Re1 55. Kc5 Re5+ 56. Kc6 Re4 57. c5 Rd4 58. Rg3 Rf4 59. Rg7+ Ke8 60. Kd6 Rd4+ 61. Kc6 Rf4 62. Ra7 Rxf5 63. Kd6 Kf8 64. Ra8+ Kg7 65. e7 Rxf2 66. e8=Q Rd2+ 67. Kc6 Re2 68. Qxe2 Kh6 69. Rg8 f5 70. Qh2# 1-0

[Event "American op 43rd"]
[Site "Los Angeles"]
[Date "2007.11.22"]
[Round "2"]
[White "Khachiyan, Melikset"]
[Black "Hansen, Eric"]
[Result "1-0"]
[WhiteElo "2506"]
[BlackElo "2132"]
[PlyCount "71"]
[GameId "1166650111021056"]
[EventDate "2007.11.22"]
[EventType "swiss"]
[EventRounds "7"]
[EventCountry "USA"]
[SourceTitle "CBM 121 Extra"]
[Source "ChessBase"]
[SourceDate "2008.01.10"]
[SourceVersion "1"]
[SourceVersionDate "2008.01.10"]
[SourceQuality "1"]

1. e4 c5 2. Nf3 e6 3. d4 cxd4 4. Nxd4 a6 5. Bd3 Qc7 6. O-O Nf6 7. Nc3 Bc5 8. Nb3 Be7 9. f4 d6 10. Qf3 Nbd7 11. Be3 O-O 12. a4 b6 13. a5 b5 14. e5 Bb7 15. exf6 Bxf3 16. fxe7 Rfe8 17. Rxf3 Rxe7 18. f5 d5 19. Rg3 Qd6 20. Rf1 g6 21. Bg5 Ree8 22. fxe6 fxe6 23. Bh6 Rac8 24. Nd1 e5 25. c3 b4 26. Bb1 bxc3 27. Nxc3 e4 28. Ba2 Ne5 29. Nd2 Kh8 30. Nxd5 Qc5+ 31. Be3 Qxa5 32. Bb3 Rf8 33. Bd4 Rxf1+ 34. Nxf1 Re8 35. Rg5 Kg7 36. Bxe5+ 1-0

[Event "USA-ch Qualifier"]
[Site "Tulsa"]
[Date "2008.03.28"]
[Round "1"]
[White "Friedel, Joshua E"]
[Black "Hansen, Eric"]
[Result "1-0"]
[WhiteElo "2487"]
[BlackElo "2224"]
[PlyCount "47"]
[GameId "1166650419380224"]
[EventDate "2008.03.28"]
[EventType "swiss"]
[EventRounds "7"]
[EventCountry "USA"]
[SourceTitle "CBM 123 Extra"]
[Source "ChessBase"]
[SourceDate "2008.05.06"]
[SourceVersion "1"]
[SourceVersionDate "2008.05.06"]
[SourceQuality "1"]

1. e4 c5 2. Nf3 e6 3. d4 cxd4 4. Nxd4 a6 5. Nc3 b5 6. Bd3 Qb6 7. Nf3 Nc6 8. O-O Qc7 9. Re1 d6 10. Bf4 Ne5 11. a4 b4 12. Na2 Rb8 13. c3 bxc3 14. Nxc3 Rxb2 15. Rc1 Qa7 16. Re2 Rxe2 17. Nxe2 Nxf3+ 18. gxf3 Bd7 19. Qb3 Ne7 20. Be3 Qa8 21. Qb6 Ng6 22. Rc7 Ne5 23. Rb7 Nc6 24. Nd4 1-0